000 00318nam a2200133Ia 4500
008 230901s2009 xx 000 0 und d
041 _aben
082 _a362
100 _aBASARKAR, S
245 _aHOSPITAL WASTE MANAGEMENT
260 _bJAYPEE BROTHERS
_c2009
300 _a144
650 _aNURSING ADMINISTRATION
999 _c869239
_d869239